000 01017nam a2200301Ia 4500
001 Para_9496
003 CHAP
008 220125s2008 xx 000 0 und d
010 _a208170
040 _cCHAP
090 _aTESIS 2208
100 _aZuñiga Cruz, Abigail Janice
_9124294
245 _aEtiología de la mancha negra de la gerbera (Gerbera jamesonii H. Bolus.) en Xochitepec, Morelos /
_c por Abigail Janice Zuñiga Cruz
260 _aChapingo, Méx. :
_b el autor
300 _a52 h.
502 _aTesis (Ing. Agr. Esp. en Parasitología Agrícola) -- UACh. Departamento Parasitología Agrícola
650 _aFlores
_x enfermedades
_941375
650 _aGerbera
_x enfermedades
_947716
650 _aXanthomonas axonopodis
_9174402
710 _aUACh. Departamento Parasitología Agrícola
_9164025
901 _aTESIS 2208
902 _aM
905 _a0000002008 an 0000000000 00
910 _a2008
942 _cPARA
942 _cPARA
_d2
999 _c208170
_d208170